1040 1700 1181 1862 1847 1261 1583 1823 1251 1029 1479 1249 1733 1211 1043 1876 1155 1739 1851 1123 1119 1546 1180 1197 1654 1795 1834 1851 1356 1061 1929 1483 1513 1420 1823 1060 1930 1645 1976 1541 1068 1762 1379 1468 1674 1134 1467 1687 1840 1344 1651 1605 1010 1690 1090 1616 1567 1061 1990 1682 1058 1266 1435 1506 1059 1937 1254 1290 1790 1251 1211 1040 1244 1725 1630 1897 1224 1214 1115 1933 1571 1885 1410 1090 1154 1081 1209 1143 1222 1686 1274 1541 1745 1157 1476 1034 1959 1873 1092 BCNSPRNW ULIB Ver.6.0+V

เปลี่ยนเป็นภาษาไทย

Change to English
 แสดงรายละเอียดบรรณานุกรม
  กลับหน้าหลัก

Brief Record : Get Marc (ISO 2709) : E-mail record : QR code < ปิดหน้าต่าง
LEADER : 00000nam 2200000uu 4500
001    13399127934
003     ULIB
008    020711s2021 th a 000 0 eng d
020    ^a9780323695497
060    ^aWB100^bS678
100    ^aRoseli Esquerdo Lopes, Ana Paula Serrata Malfitano
245    ^aSocial Occupational Therapy: Theoretical and Practical Designs
250    ^a1st ed
260    ^aPhiladelphia :^bElsevier,^c2021
300    ^a230 pages;^b26 cm
650    ^aOccupational Therapy
650    ^aPractical Designs
945    ^p1725^l0^i008521
999    ^aประนอม เกษจรัล
รายการนี้ยังไม่มีแท็ก
คุณยังไม่ได้ล็อกอิน คุณสามารถมีกิจกรรมร่วมกับเว็บไซต์ได้ แต่ต้องล็อกอินก่อน ::
  ล็อกอิน

รายการสื่อสารสนเทศ

ลำดับที่ ประเภท เลขเรียก/บาร์โค้ด สถานที่ สถานะ
1. วิทยาศาสตร์การแพทย์ และสุขภาพ
วิทยาศาสตร์การแพทย์ และสุขภาพ
WB100 S678 ฉ.1 
  Barcode: 008521
ห้องสมุดวิทยาเขตสวรรค์ประชารักษ์
►หนังสือทั่วไป
บนชั้น

รายการใกล้เคียง
    หัวเรื่อง [Occupational Therapy]

BibComment


ยังไม่เคยถูกคอมเมนท์

คอมเมนท์ทรัพยากรรายการนี้
  คอมเมนท์: Social Occupatio..


 Copyright 2026. Bcnsprnw @Library